02518 2201069 4500001002100000005001500021035002000036007000300056008004100059020002200100082000800122084001900130100002200149245002900171260003100200300001700231990001600248990001600264990001600280990001600296990001600312990001600328990001600344990001600360990001600376990001600392990001600408990001600424990001600440990001600456990001600472990001600488990001600504990001600520990001600536990001600552990001600568990001600584990001600600990001600616990001600632990001600648990001600664990001600680990001600696990001600712990001600728990001600744990001600760990001600776990001600792990001600808990001600824990001600840990001600856990001600872990001600888990001600904990001600920990001600936990001600952990001600968990001600984990001601000990001601016990001601032990001601048990001601064990001601080990001601096990001601112990001601128990001601144990001601160990001601176990001601192990001601208990001601224990001601240990001601256990001601272990001601288990001601304990001601320990001601336990001601352990001601368990001601384990001601400990001601416990001601432INLIS00000000000181420240826093951 a0010-0824000020ta240826 g 0 ind  a978-623-180-251-4 a574 a574 IRN b.c.750 aIrnaningtyas, dkk1 aBiologi Kelas XII Kurmer aJakarta :bErlangga,c2023 a366 ;c25 cm a2024/P/1320 a2024/P/1321 a2024/P/1322 a2024/P/1323 a2024/P/1324 a2024/P/1325 a2024/P/1326 a2024/P/1327 a2024/P/1328 a2024/P/1329 a2024/P/1330 a2024/P/1331 a2024/P/1332 a2024/P/1333 a2024/P/1334 a2024/P/1335 a2024/P/1336 a2024/P/1337 a2024/P/1338 a2024/P/1339 a2024/P/1350 a2024/P/1351 a2024/P/1352 a2024/P/1353 a2024/P/1354 a2024/P/1355 a2024/P/1356 a2024/P/1357 a2024/P/1358 a2024/P/1359 a2024/P/1360 a2024/P/1361 a2024/P/1362 a2024/P/1363 a2024/P/1364 a2024/P/1365 a2024/P/1366 a2024/P/1367 a2024/P/1368 a2024/P/1369 a2024/P/1370 a2024/P/1371 a2024/P/1372 a2024/P/1373 a2024/P/1374 a2024/P/1375 a2024/P/1376 a2024/P/1377 a2024/P/1378 a2024/P/1379 a2024/P/1380 a2024/P/1381 a2024/P/1382 a2024/P/1383 a2024/P/1384 a2024/P/1385 a2024/P/1386 a2024/P/1387 a2024/P/1388 a2024/P/1389 a2024/P/1390 a2024/P/1391 a2024/P/1392 a2024/P/1393 a2024/P/1394 a2024/P/1340 a2024/P/1341 a2024/P/1342 a2024/P/1343 a2024/P/1344 a2024/P/1345 a2024/P/1346 a2024/P/1347 a2024/P/1348 a2024/P/1349